| 000 | 00375nam a22001697a 4500 | ||
|---|---|---|---|
| 005 | 20160530121537.0 | ||
| 008 | 160530b xxu||||| |||| 00| 0 eng d | ||
| 020 | _a978-0-07-060159-8 | ||
| 041 | _aeng | ||
| 082 | _b6049 | ||
| 100 |
_aDuncan, Tom _91519 |
||
| 245 | _aAdvertising & IMC | ||
| 260 |
_bTMC _c2008 |
||
| 300 | _a697 | ||
| 650 |
_aManagement _9241 |
||
| 942 | _cBK | ||
| 999 |
_c2145 _d2144 |
||